| 000 | 00522nam a2200193Ia 4500 | ||
|---|---|---|---|
| 003 | OSt | ||
| 005 | 20240402092213.0 | ||
| 008 | 210210b1949 xxu||||| |||| 00| 0 eng d | ||
| 040 | _cAL | ||
| 041 | _aKannada | ||
| 082 | _a851/65 | ||
| 100 |
_aKIYYANNA RAI KAYYARA _dಕಯ್ಯಾರ ಕಿಞ್ಞಣ್ಣ ರೈ _9157672 |
||
| 245 |
_aShrimukha _bಶ್ರೀಮುಖ |
||
| 260 |
_aMangaluru _b- _c1949 |
||
| 650 |
_aShrimukha _9157673 |
||
| 690 |
_aKannada Poetry _9157674 |
||
| 906 | _a018082 | ||
| 942 |
_2ddc _cBK |
||
| 999 |
_c141214 _d141214 |
||